[Event "Urumia op 2nd"]
[Site "Urumia"]
[Date "2008.08.31"]
[Round "10"]
[White "Rezai, Iraj"]
[Black "Abbasov, Farid"]
[Result "0-1"]
[WhiteElo "2197"]
[BlackElo "2552"]
[PlyCount "122"]
[EventDate "2008.08.26"]
[EventType "swiss"]
[EventRounds "10"]
[EventCountry "IRI"]
[SourceTitle "CBM 126 Extra"]
[Source "ChessBase"]
[SourceDate "2008.11.05"]
[SourceVersion "1"]
[SourceVersionDate "2008.11.05"]
[SourceQuality "1"]

1. d4 Nf6 2. c4 g6 3. Nc3 Bg7 4. e4 d6 5. Nf3 0-0 6. Be2 e5 7. 0-0 Nc6 8. d5 Ne7 9. Bg5 h6 10. Bxf6 Bxf6 11. b4 Bg7 12. Nd2 f5 13. Rc1 fxe4 14. Ndxe4 Nf5 15. c5 Nd4 16. cxd6 cxd6 17. Nb5 Nxb5 18. Bxb5 Qb6 19. Bd3 Bf5 20. Ng3 Rf7 21. Rc4 Raf8 22. Be4 Rc7 23. Qc2 Rxc4 24. Qxc4 Qd8 25. a4 Qh4 26. Qd3 Qg5 27. Qe3 Qxe3 28. fxe3 Bd7 29. a5 Rxf1+ 30. Kxf1 Bb5+ 31. Ke1 Kf7 32. Kd2 Be8 33. Bd3 a6 34. Ne4 Ke7 35. Nc3 e4 36. Nxe4 Be5 37. g3 Bf7 38. Bc4 g5 39. Nf2 h5 40. Nd3 Kf6 41. Nf2 Ke7 42. Ne4 g4 43. Nf2 Kf6 44. Kd3 Bg6+ 45. e4 Be8 46. Nd1 Kg5 47. Ne3 h4 48. Nf5 h3 49. Ke3 Bd7 50. Bd3 Kf6 51. Bc2 Kg5 52. Bd3 Ba4 53. Be2 Be8 54. Bd3 Bd7 55. Bc2 Bxf5 56. exf5 Bc3 57. Bd1 Kxf5 58. Ba4 Bxb4 59. Bd7+ Kg5 60. Bc8 Bxa5 61. Bxb7 Be1 0-1

[Event "Urumia op 2nd"]
[Site "Urumia"]
[Date "2008.08.29"]
[Round "7"]
[White "Bahrami, Behrad"]
[Black "Rezai, Iraj"]
[Result "0-1"]
[WhiteElo "2089"]
[BlackElo "2197"]
[PlyCount "106"]
[EventDate "2008.08.26"]
[EventType "swiss"]
[EventRounds "10"]
[EventCountry "IRI"]
[SourceTitle "CBM 126 Extra"]
[Source "ChessBase"]
[SourceDate "2008.11.05"]
[SourceVersion "1"]
[SourceVersionDate "2008.11.05"]
[SourceQuality "1"]

1. d4 Nf6 2. Nf3 e6 3. c4 b6 4. g3 Bb7 5. Bg2 c5 6. 0-0 cxd4 7. Nxd4 Bxg2 8. Kxg2 a6 9. Nc3 Qc7 10. b3 b5 11. Kg1 bxc4 12. bxc4 Nc6 13. Bg5 Rc8 14. Nf3 Be7 15. Rc1 Qa5 16. Bxf6 gxf6 17. Qd3 Ne5 18. Nxe5 Qxe5 19. Rfd1 Rc7 20. Rb1 0-0 21. e3 f5 22. Ne2 Rfc8 23. Rb6 Qa5 24. Rdb1 Qxa2 25. Rb8 Qxc4 26. Rxc8+ Rxc8 27. Qxd7 Qc7 28. Qd4 Rd8 29. Qa4 a5 30. Rc1 Qb6 31. Nd4 Bf6 32. Nc6 Rd5 33. e4 Qb5 34. Qc2 fxe4 35. Qxe4 Rc5 36. Qg4+ Kf8 37. Rxc5 Qxc5 38. Qf4 Bc3 39. Nd8 Qe7 40. Nc6 Qd7 41. Nb8 Qd1+ 42. Kg2 Qd5+ 43. Kg1 Kg8 44. Qc7 Be5 45. Qc8+ Kg7 46. Nd7 Qd6 47. Qd8 f6 48. Qc8 Bd4 49. Qb7 Qe7 50. Qb5 Qb4 51. Qe2 Qb1+ 52. Kg2 Qb7+ 53. Kg1 Qxd7 0-1

[Event "IRI-ch sf"]
[Site "Tehran"]
[Date "2005.08.05"]
[Round "3"]
[White "Khademi, Mohammad Miran"]
[Black "Rezai, Iraj"]
[Result "1-0"]
[WhiteElo "2092"]
[BlackElo "2259"]
[PlyCount "47"]
[EventDate "2005.08.03"]
[EventType "swiss"]
[EventRounds "9"]
[EventCountry "IRI"]
[SourceTitle "EXT 2006"]
[Source "ChessBase"]
[SourceDate "2005.11.24"]
[SourceVersion "1"]
[SourceVersionDate "2005.11.24"]
[SourceQuality "1"]

1. e4 e5 2. Nf3 Nc6 3. Bc4 Nf6 4. Ng5 d5 5. exd5 Na5 6. Bb5+ c6 7. dxc6 bxc6 8. Qf3 Rb8 9. Bd3 Be7 10. 0-0 0-0 11. Nc3 h6 12. Nge4 Nd5 13. Ng3 Rb4 14. Be4 Be6 15. a3 Rb8 16. Bf5 Nxc3 17. dxc3 Bxf5 18. Nxf5 Bg5 19. Rd1 Qe8 20. Bxg5 hxg5 21. Qg4 Rxb2 22. Qxg5 g6 23. Qf6 gxf5 24. Rd3 1-0